[Event "ITA-ch U16"]
[Site "Salsomaggiore Terme"]
[Date "2019.07.08"]
[Round "2"]
[White "Seva, Alessio"]
[Black "Bettalli, Francesco"]
[Result "0-1"]
[WhiteElo "1626"]
[BlackElo "2095"]
[PlyCount "44"]
[EventDate "2019.07.07"]
[EventType "swiss"]
[EventRounds "9"]
[EventCountry "ITA"]
[SourceTitle "EXT 2020"]
[Source "ChessBase"]
[SourceDate "2019.10.17"]
[SourceVersion "1"]
[SourceVersionDate "2019.10.17"]
[SourceQuality "1"]

1. e4 c5 2. Nf3 Nc6 3. d4 cxd4 4. Nxd4 Nf6 5. Nxc6 bxc6 6. Bd3 e5 7. Nd2 d5 8. exd5 cxd5 9. Bb5+ Bd7 10. Qe2 Bd6 11. Bxd7+ Qxd7 12. c4 0-0 13. 0-0 d4 14. Ne4 Nxe4 15. Qxe4 Qe6 16. Qd3 Rad8 17. f4 e4 18. Qxd4 Bxf4 19. Qxa7 e3 20. Re1 Rfe8 21. a4 Qe5 22. h3 Bg3 0-1

[Event "Ceriano Laghetto op-C 24th"]
[Site "Ceriano Laghetto"]
[Date "2015.03.08"]
[Round "5"]
[White "Seva, Alessio"]
[Black "Bossoni, Alessandra"]
[Result "0-1"]
[WhiteElo "1446"]
[BlackElo "1489"]
[PlyCount "134"]
[EventDate "2015.03.06"]
[EventType "swiss"]
[EventRounds "5"]
[EventCountry "ITA"]
[SourceTitle "EXT 2024"]
[Source "ChessBase"]
[SourceDate "2023.10.10"]
[SourceVersion "1"]
[SourceVersionDate "2023.10.10"]
[SourceQuality "1"]

1. d4 d6 2. e3 Nf6 3. Nf3 g6 4. c3 Bg7 5. Nbd2 Nc6 6. Bd3 0-0 7. 0-0 e5 8. Re1 Re8 9. dxe5 dxe5 10. Qc2 Bg4 11. e4 Nd7 12. h3 Bxf3 13. Nxf3 Nc5 14. Bc4 Ne6 15. Rd1 Qf6 16. Bxe6 Qxe6 17. Be3 Rad8 18. Qc1 Rxd1+ 19. Qxd1 Rd8 20. Qc1 Qc4 21. Nd2 Qd3 22. Qf1 Qxf1+ 23. Nxf1 f5 24. exf5 gxf5 25. f4 e4 26. Ng3 Ne7 27. Bxa7 b6 28. a3 Ra8 29. Bxb6 cxb6 30. Rd1 Kf7 31. Rd7 Kf6 32. Rd6+ Kf7 33. Rxb6 Nd5 34. Rb7+ Kg6 35. Nxf5 Kxf5 36. Rxg7 Kxf4 37. Rxh7 Ke3 38. Rd7 Nf4 39. c4 Nd3 40. Rb7 Kd2 41. h4 e3 42. Re7 e2 43. Rxe2+ Kxe2 44. h5 Ke3 45. h6 Kd4 46. g4 Rg8 47. h7 Rh8 48. g5 Rxh7 49. g6 Rg7 50. c5 Kxc5 51. b4+ Nxb4 52. axb4+ Kxb4 53. Kf2 Rxg6 54. Ke3 Rg4 55. Kd3 Kc5 56. Ke3 Kd5 57. Kd3 Rg3+ 58. Kd2 Kd4 59. Ke2 Ra3 60. Kf2 Ke4 61. Ke2 Ra2+ 62. Kd1 Kd3 63. Ke1 Rb2 64. Kf1 Ke3 65. Kg1 Kf3 66. Kh1 Kg3 67. Kg1 Rb1# 0-1